000 00701nam a2200205 i 4500
001 20691
003 ES-MaACL
005 20260215063013.0
007 t|
008 021115s1885 gw ||||1| fre d
100 1 _aAhn, Franz,
_d1796-1865
_918946
245 1 0 _aNouvelle méthode pratique et facile pour apprendre la langue anglaise.
_pTroisième cours: Grammaire anglaise théorique et pratique / par F.H. Ahn.
250 _a4e éd.
260 _aCologne :
_bM. Dumont-Schauberg,
_c1885.
300 _aXLVIII, 313 p. ;
_c18 cm.
650 0 4 _aLengua inglesa-
_xGramática.
_914277
650 0 4 _aLengua inglesa-
_vMétodos.
_914282
852 _aES-MaACL
_jF-13563
999 _c20691
_d20691